UBT Library

Family health care nursing / Theory, practice and research: (Record no. 2498)

000 -LEADER
fixed length control field 00348nam a22001217a 4500
008 - FIXED-LENGTH DATA ELEMENTS--GENERAL INFORMATION
fixed length control field 160614b xxu||||| |||| 00| 0 eng d
020 ## - INTERNATIONAL STANDARD BOOK NUMBER
International Standard Book Number 9780803621664
020 ## - INTERNATIONAL STANDARD BOOK NUMBER
International Standard Book Number 0803621663
041 ## - LANGUAGE CODE
Language code of text/sound track or separate title eng
080 ## - UNIVERSAL DECIMAL CLASSIFICATION NUMBER
Universal Decimal Classification number 618.2
245 ## - TITLE STATEMENT
Title Family health care nursing / Theory, practice and research:
Statement of responsibility, etc joanna Rowe Kaakinen; Vivian Gedaly-Duff;
942 ## - ADDED ENTRY ELEMENTS (KOHA)
Source of classification or shelving scheme
Item type Books
Holdings
Withdrawn status Lost status Source of classification or shelving scheme Damaged status Not for loan Collection code Permanent location Current location Shelving location Date acquired Total Checkouts Full call number Barcode Date last seen Price effective from Koha item type
          Koleksioni i përgjithshem UBT - Lipjan UBT - Lipjan Koleksioni i përgjithshem 06/14/2016   618.2 KAA 002-035749 06/14/2016 06/14/2016 Books
UBT Library © 2015-2024. All rights reserved University Education for Business and Technology